अणु से विराट तक (Record no. 211007)

MARC details
000 -LEADER
fixed length control field 00810nam a22001937a 4500
005 - DATE AND TIME OF LATEST TRANSACTION
control field 20250417123903.0
010 ## - LCCN (DPL NO)
LC control number HIN-1296741
020 ## - INTERNATIONAL STANDARD BOOK NUMBER
International Standard Book Number 9789393603036
Terms of availability 150.00
035 ## - SYSTEM CONTROL NUMBER
System control number HN-102017
037 ## - SOURCE OF ACQUISITION
Source of stock number/acquisition DBAD
082 ## - DEWEY DECIMAL CLASSIFICATION NUMBER
Classification number 821
100 ## - MAIN ENTRY--PERSONAL NAME
Personal name विजयवर्गीय दयाकृष्ण'विजय'
245 ## - TITLE STATEMENT
Title अणु से विराट तक
Statement of responsibility, etc दयाकृष्ण विजयवर्गीय 'विजय'
Remainder of title दोहा सतसई/
260 ## - PUBLICATION, DISTRIBUTION, ETC. (IMPRINT)
Place of publication, distribution, etc कोटा
Name of publisher, distributor, etc विजय प्रकाशन
Date of publication, distribution, etc 2012
270 ## - ADDRESS
Address 228-बी,सिविल लाइन्स,कोटा
City राजस्थान
Postal code 324001
300 ## - PHYSICAL DESCRIPTION
Extent 106पृ.;
Dimensions 22 सेमी.(सजिल्द)
700 ## - ADDED ENTRY--PERSONAL NAME
Relator term
9 (RLIN) 61527
942 ## - ADDED ENTRY ELEMENTS (KOHA)
Source of classification or shelving scheme Dewey Decimal Classification
Item type Hindi Books
Classification part 821
Call number suffix विजय
Holdings
Withdrawn status Lost status Not for loan Collection code Home library Current library Date acquired Source of acquisition Cost, normal purchase price Full call number Barcode Copy number Cost, replacement price Koha item type
      Non-fiction Patel Nagar Patel Nagar 17/04/2025 DBAD 150.00 821 विजय HN-102017 1 150.00 Hindi Books

© Delhi Public Library
Hit Counter
free hit counter